Catálogo

Salud sexual y reproductiva : (Registro nro. 25732)

Detalles MARC
000 -LEADER
fixed length control field 01576cam a2200373 i 4500
001 - CONTROL NUMBER
control field 25732
003 - CONTROL NUMBER IDENTIFIER
control field Mx-PuUPA
005 - DATE AND TIME OF LATEST TRANSACTION
control field 20250605101942.0
008 - FIXED-LENGTH DATA ELEMENTS--GENERAL INFORMATION
fixed length control field 140415s2024 mx a gr 001 0 spa d
020 ## - INTERNATIONAL STANDARD BOOK NUMBER
International Standard Book Number 9684536003
040 ## - CATALOGING SOURCE
Transcribing agency Mx-PuUPA
Original cataloging agency Mx-PuUPA
Language of cataloging spa
Modifying agency Mx-PuUPA
Description conventions rda
041 0# - LANGUAGE CODE
Language code of text/sound track or separate title spa
043 ## - GEOGRAPHIC AREA CODE
Geographic area code n-mx---
245 10 - TITLE STATEMENT
Title Salud sexual y reproductiva :
Remainder of title atención por violencia o abuso sexual a favor de la niña y mujer /
Statement of responsibility, etc. coordinador editorial, Agustín Herrera Fragoso ; Enrique Mendoza Carrera, José Manuel Madrazo Cabo, Sebastián Haddad Ríos, María de la Luz Casas Martínez [y otros ocho], autores
250 ## - EDITION STATEMENT
Edition statement Primera edición
264 #1 - PRODUCTION, PUBLICATION, DISTRIBUTION, MANUFACTURE, AND COPYRIGHT NOTICE
Place of production, publication, distribution, manufacture Ciudad de México :
Name of producer, publisher, distributor, manufacturer Editores de Textos Mexicanos,
Date of production, publication, distribution, manufacture, or copyright notice ©2024
300 ## - PHYSICAL DESCRIPTION
Extent ix, 121 páginas :
Other physical details tablas ;
Dimensions 23 cm
336 ## - CONTENT TYPE
Fuente rdacontent
Content type term texto
Content type code txt
337 ## - MEDIA TYPE
Source rdamedia
Media type term sin medio
Media type code n
338 ## - CARRIER TYPE
Source rdacarrier
Carrier type term volumen
Carrier type code nc
650 #7 - SUBJECT ADDED ENTRY--TOPICAL TERM
Source of heading or term armarc
Topical term or geographic name entry element Mujeres víctimas de abuso sexual
Geographic subdivision México
650 #7 - SUBJECT ADDED ENTRY--TOPICAL TERM
Source of heading or term armarc
Topical term or geographic name entry element Abuso sexual infantil
General subdivision Prevención
650 #7 - SUBJECT ADDED ENTRY--TOPICAL TERM
Source of heading or term armarc
Topical term or geographic name entry element Salud reproductiva
650 #7 - SUBJECT ADDED ENTRY--TOPICAL TERM
Source of heading or term armarc
Topical term or geographic name entry element Víctimas de abuso sexual
General subdivision Prevención
700 1# - ADDED ENTRY--PERSONAL NAME
Personal name Herrera Fragoso, Agustín
Relator term editor
-- autor
700 1# - ADDED ENTRY--PERSONAL NAME
Personal name Mendoza Carrera, Enrique,
Relator term autor
700 1# - ADDED ENTRY--PERSONAL NAME
Personal name Madrazo Cobo, José Manuel,
Relator term autor
700 1# - ADDED ENTRY--PERSONAL NAME
Personal name Haddad Ríos, Sebastián,
Relator term autor
700 1# - ADDED ENTRY--PERSONAL NAME
Personal name Casas Martínez, María de la Luz,
Relator term autor
942 ## - ADDED ENTRY ELEMENTS (KOHA)
Source of classification or shelving scheme Dewey Decimal Classification
Koha item type Libro
Classification part 306.70972
Item part S55
Existencias
Withdrawn status Lost status Source of classification or shelving scheme Damaged status Not for loan Collection code Home library Current library Shelving location Date acquired Source of acquisition Cost, normal purchase price Total Checkouts Full call number Barcode Date last seen Cost, replacement price Price effective from Koha item type
    Dewey Decimal Classification     General Biblioteca Karol Wojtyla Biblioteca Karol Wojtyla Sala general 03/12/2024 Donación 0.00   306.70972 S55 2024 45960 05/01/2026 0.00 03/12/2013 Libro